00391nam a2200133Ia 4500008004100000082002100041100001700062245001900079260001800098600001300116942000700129952010400136999001700240241002s9999 xx 000 0 und d a241.04254918 MAY aMayne, Peter 0aSaints of Sind aLondon:c1956 aReligion cUC 00104070aUITUbUITUd1994-01-01l0o241.04254918 MAYpUC291r2024-10-02 09:31:16w2024-10-02yUC c18618d18618